| 000 | 00492cam a2200205ua 4500 | ||
|---|---|---|---|
| 001 | 7568 | ||
| 008 | 141217n ii |||gr||||Z||||||asm | ||
| 020 | _a9788126031115 | ||
| 040 | _cMAIN | ||
| 041 | _aasm | ||
| 082 | _a920 | ||
| 100 |
_aSaikia, N., _eAuthor. |
||
| 245 | 1 |
_aMaheswar Neog _cBy Nagen Saikia |
|
| 250 | _a1st. | ||
| 260 |
_aNew Delhi: _bSahitya akademi, _c2011. |
||
| 300 | _a54p. | ||
| 653 | _aBiography, genealogy & insignia | ||
| 653 | _aAssamese biography | ||
| 942 | _cBK | ||
| 999 |
_c6690 _d6690 |
||